000 00878nas a2200253 4500
001 BR5400187
003 BR-BrBNA
005 20231205081939.0
007 ta
008 230509b bl.|||p| |||| 00| 00por d
040 _aBR-BrBNA
_bpor
_cBiblioteca Nacional de Agricultura
041 _a(Pt)
072 _aH20
100 1 _aLagos, M.B.
100 1 _aRisch, N.A.
111 1 _a2. Jornada Riograndense de Agronomia
_cPelotas, RS (Brazil)
_d5 Dec 1952
245 1 _aPesquisa de fontes de resistencia em variedades de aveia a 5 racas fisiologicas de Puccinia graminis avenae Erikss. et Henn. [ferrugem do colmo]
650 _aVARIEDADE RESISTENTE
650 _aFERRUGEM DO COLMO
650 _aAVEIA
773 0 _tAgronomia Sulriograndense (Brazil)
_xISSN 0400-8111
_g(1954), v. 1(1-4) p. 39-42
_wBR5400187
909 _a202311
_bLúcia
_c55
_dLúcia Elande
942 _2AGRIS
_n0
_cANA
999 _c88039
_d88039